Science Quiz

Random Science or Computer Quiz

Hello, World! Quiz Stats

 Plays Quiz Updated Oct 17, 2020

     
Support Sporcle.
Go Orange.
Score 0/22 Timer 05:00
6 Plays Today
Syntax Language % Correct
printf('Hello, World!');C
94.4%
System.out.println('Hello, World!');Java
88.1%
print 'Hello, World!'Perl
67.2%
10 PRINT 'Hello World!'BASIC
56.5%
System.Console.WriteLine('Hello, World!');C#
56.4%
document.write('Hello, World!');JavaScript
55.2%
Sub Main() | Console.WriteLine('Hello, world!') | End SubVisual Basic
47.1%
SELECT 'Hello World';SQL
44.6%
echo('Hello, World!');PHP
42.6%
WRITE(*,*) 'Hello, World!'Fortran90
42%
puts 'Hello, World!'Ruby or Tcl
41.5%
Syntax Language % Correct
ECHO Hello, World!MS-DOS or bash
41.3%
WriteLn('Hello, World!');PASCAL
34.4%
DISPLAY 'HELLO, WORLD!'COBOL
33%
(print 'Hello World!')Lisp
30.6%
NSLog(@'Hello, World!');Objective-C (Cocoa)
20.9%
main = putStrLn 'Hello World!'Haskell
19.6%
trace('Hello, World!');ActionScript
17%
(display 'Hello World!')Scheme
16.1%
hello :- display('Hello World!') , nl .Prolog
13.2%
Transcript show: 'Hello, World!'.SmallTalk MT
8.7%
display dialog 'Hello, World!'AppleScript
6.9%

From the Vault

3 Things: Movie Edition

by TimtheImpaler

Movies 6m
The best things always come in threes.
Remove Ads.
Support Sporcle.
Get the best of Sporcle when you Go Orange. This ad-free experience offers more features, more stats, and more fun while also helping to support Sporcle. Thank you for becoming a member.

Show Comments

Extras

Top Quizzes Today


Score Distribution

Your Account Isn't Verified!

In order to create a playlist on Sporcle, you need to verify the email address you used during registration. Go to your Sporcle Settings to finish the process.

Report this User

Report this user for behavior that violates our Community Guidelines.

Details: